[Event "Kish 2nd"]
[Site "Kish"]
[Date "2005.02.03"]
[Round "3"]
[White "Petrosian, Tigran L"]
[Black "Asanov, Bolat"]
[Result "1-0"]
[WhiteElo "2568"]
[BlackElo "2476"]
[Annotator "Erenburg,S"]
[PlyCount "100"]
[EventDate "2005.02.02"]
[EventType "tourn"]
[EventRounds "11"]
[EventCountry "IRI"]
[EventCategory "9"]
[SourceTitle "CBM 106"]
[Source "ChessBase"]
[SourceDate "2005.06.06"]
[SourceVersion "1"]
[SourceVersionDate "2005.06.06"]
[SourceQuality "1"]

{[%mdl 4]} 1. e4 e5 2. Nf3 Nc6 3. Bb5 a6 4. Bxc6 dxc6 5. O-O f6 {Other popular
theoretical lines are:} (5... Qd6 {---> 1-0 Erenburg,S-Inarkiev,E/Istanbul
2003/CBM 96/[Erenburg] (45)}) (5... Bg4 {---> 1/2-1/2 Erenburg,S-Fressinet,L/
Andorra 2004/CBM 101 ext/[Erenburg] (27)}) 6. d4 exd4 7. Nxd4 c5 8. Nb3 (8. Ne2
{is another variation.}) 8... Qxd1 9. Rxd1 Bd7 {According to nowadays theory,
this continuation isn't precise... Black should have weaken the a7-g1 diagonal
by} (9... Bg4 $1 {---> 1-0 Womacka,M-Golod,V/Bad Wiessee 2002/EXT 2003/[Golod,
V] (59)}) 10. Bf4 {immediately taking control over the h2-b8 diagonal.} O-O-O
11. Nc3 {threatening to attack black's c7 pawn by Nd5.} Re8 {trying to create
a counterplay by pressing white's e4 pawn.} 12. Nd5 Bd6 {Other continuation
don't promise black an equality as well:} (12... Rxe4 13. Bxc7 Ne7 14. Nc3 Rc4
15. Bb6 Nc6 16. Rd2 $16 {1-0 Arizmendi Martinez,J-Franic,M/Olomouc 1999/CBM
071 ext (26)}) (12... Bc6 13. f3 Bd6 14. Bxd6 cxd6 15. Ne3 $16 {[%cal Ye3f5]
1-0 Godena,M-Skembris,S/Turin 1996/EXT 98 (67)}) 13. Bxd6 cxd6 14. Nb6+ $1 {
White is going to change his e4 pawn for black's c5 pawn, thus, leaving black
with isolated "d" pawn.} Kc7 15. Nxd7 Kxd7 16. Nxc5+ Kc7 17. Na4 $146 {White
transfers his knight to a central position d5. It is improvement in comparison
to} (17. Nd3 {, which was played in preceding game.} Rxe4 18. Re1 Rxe1+ 19.
Rxe1 Kd7 20. Nf4 Ne7 $11 {0-1 Barendregt,J-Teschner,R/Berg en Dal 1960/EXT
2001 (31)}) 17... Rxe4 18. Nc3 Re8 (18... Re5 19. f4 (19. Nd5+ Kc6 20. Nb4+ Kd7
21. Rd2 Nh6) 19... Re8 20. Nd5+ Kc6 21. Rd3 $14) 19. Nd5+ Kc6 20. Rd3 Ne7 (
20... Re2 $2 21. Ne3 $18 {[%cal Yg1f1]}) 21. Ne3 $14 {The trade of the knights
plays in black's hands, as white's one is more active and blocks the "e" file
against black's rooks. White's position is slightly better, thanks to better
pawn structure.} Kc7 22. Rad1 Rd8 23. Nc4 {forcing black to move his knight to
more passive position.} Nc8 (23... d5 {loses the pawn.} 24. Ne3 Kc6 25. c4 $16)
24. Rg3 {trying to create some target for an attack on the kingside.} g6 (24...
Rd7 $5 {looks more logical not to move forward the pawns.}) 25. h4 Rhe8 26. h5
$1 {trying to get the f5 stronghold for the knight.} g5 (26... d5 27. Nd2 $14 {
[%cal Yd2b3,Yb3d4]}) 27. Rc3 $1 Kb8 28. Ne3 {White has succeeded to create
some weaknesses of the light squares in the black camp, and now he transfers
the knight to the kingside.} Re6 29. Rcd3 Ne7 30. c4 {fixing black's queenside
pawns. It should be noted, that white has added the resource of attacking
black's d6 pawn by c4-c5.} Kc7 ({The attempt to create some counterplay:} 30...
f5 {is refuted by} 31. c5 $1 Kc7 (31... f4 32. Rxd6 $16) 32. Nd5+ Nxd5 33. Rxd5
Rf6 34. g4 fxg4 35. Rxg5 dxc5 36. Rg7+ (36. Rxc5+ Kb6 $1 $11 (36... Rc6 37.
Rxc6+ bxc6 38. Rxd8 Kxd8 39. Kg2 $18)) 36... Kc8 37. Rxd8+ Kxd8 38. Rxh7 $16)
31. c5 Kc6 32. b4 {creating a strong pawn construction on the queenside.} d5
33. Nc2 $1 {transfering the knight to d4 stronghold.} Re4 34. Nd4+ Kd7 35. a3 {
strengthening the pawn construction on the queenside.} Re8 36. f3 Re5 37. g4 {
fixing a pawn structure on the kingside.} Kc7 ({Black loses a pawn after} 37...
f5 38. Nxf5 Nxf5 39. Rxd5+ Kc6 40. Rxe5 Rxe5 41. gxf5 Rxf5 42. Rd6+ Kc7 43. Kg2
$18) 38. Kf2 Nc6 $1 39. Nf5 $1 Re2+ 40. Kg3 Ra2 {Black has succeded to
activate his pieces, that increases his chances very much.} 41. Re3 $1 {
White has to change one of the black's rooks, in order to parry black's
threats.} (41. Rxd5 Ree2 $132) (41. Ne3 d4 $44 {[%cal Ye8e2]}) 41... Re5 $1 ({
Worse is} 41... Rxe3 42. Nxe3 Ne7 43. Nxd5+ Nxd5 44. Rxd5 Rxa3 45. Rd6 Rb3 46.
Rxf6 Rxb4 47. Rh6 $18) 42. Rxe5 Nxe5 {activating the knight.} (42... fxe5 43.
Rxd5 Rxa3 44. Nd6 (44. Rd6 Nxb4 45. Rh6 Nd3 46. Rxh7+ Kc6 47. h6 Ra2 $11 {
[%cal Yd3f4]}) 44... h6 (44... Nxb4 45. Rxe5) 45. Ne8+ Kb8 46. Nf6 Nxb4 47.
Rxe5 $16) 43. Rxd5 Rxa3 44. Nd4 Kc8 $1 45. Rd6 {[%cal Yd6f6]} Nd7 $2 {missing
an opportunity to equalize the game.} (45... Rd3 $1 46. Kf2 Nc4 47. Rd5 Ne3 48.
Rd6 Nc4 $11) 46. Nf5 a5 $6 ({Probably, stronger was} 46... Kd8 $1 {and it is
not so clear how white can win this position.}) 47. Ne7+ {activating the
knight.} Kd8 48. Nd5 {threatening with Nb6.} Ke8 (48... Kc8 {doesn't change
anything:} 49. bxa5 (49. Re6 Kd8 50. Nxf6 Nxf6 51. Rxf6 axb4 52. Rb6 Kc7 53.
Rxb4 Ra6 $16) (49. b5 $2 Nxc5 50. b6 $4 {[%cal Gd5e7,Yd6d8]} Ne4+ $19) 49...
Rxa5 50. c6 bxc6 51. Rxc6+ Kd8 52. Nxf6 Nf8 53. h6 $18) 49. Nxf6+ Nxf6 50. Rxf6
a4 {This RR endgame is absolutely lost for black:} (50... axb4 51. Rb6 Kd7 52.
Rxb7+ Kc6 53. Rxb4 Kxc5 54. Rb7 h6 55. Rg7 $18 {[%cal Yg7g6]}) (50... a4 51.
Rb6 $18) 1-0

[Event "Leon"]
[Site "Leon"]
[Date "1993.??.??"]
[Round "5"]
[White "Morovic Fernandez, Ivan"]
[Black "Topalov, Veselin"]
[Result "1/2-1/2"]
[WhiteElo "2570"]
[BlackElo "2635"]
[Annotator "Ernst,T"]
[PlyCount "80"]
[EventDate "1993.05.??"]
[EventType "tourn"]
[EventRounds "9"]
[EventCountry "ESP"]
[EventCategory "12"]
[SourceTitle "CBM 036"]
[Source "ChessBase"]
[SourceDate "1993.10.01"]
[SourceVersion "1"]
[SourceVersionDate "1993.10.01"]
[SourceQuality "1"]

1. e4 {Wedberg} e5 2. Nf3 Nc6 3. Bb5 a6 4. Bxc6 dxc6 5. O-O f6 6. d4 exd4 7.
Nxd4 c5 8. Nb3 Qxd1 9. Rxd1 Bg4 10. f3 Be6 11. Be3 b6 12. a4 a5 (12... Kf7 13.
Bf4 Rc8 14. Nc3 g5 15. Bg3 h5 $10 {Benjamin,J-Nikolic,Pr/Buenos Aires/1992/}) (
12... Bd6 13. Nc3 Kf7 14. Nd5 (14. a5 {Wedberg} c4 15. Nd4 b5 16. Nxe6 Kxe6 {
= Schmittdiel-Psakhis, Groningen 1990}) 14... Rb8 15. Nd2 Ne7 $10 {Longwitz,
A-Netz,E/CC-BdF-Meisterkl-VorrJ5/1986/}) (12... Ne7 {Wedberg} 13. Bf4 c4 14.
Nd4 O-O-O 15. Nc3 Bd7 {= Matanovic}) 13. Nc3 (13. Na3 Bd6 $6 14. Nb5 Rd8 15.
Rd2 $16 {De la Villa,J-Garcia,G/Salamanca/1989/}) 13... c6 $1 14. Nc1 g6 15.
N1e2 Nh6 16. Bxh6 Bxh6 17. Rd6 Bd7 18. Rad1 (18. Rxf6 Ke7 19. e5 Bg7 20. Rf4
Bxe5 21. Re4 Kf6 $15) 18... Rd8 19. Rxf6 Ke7 20. Rfd6 Be3+ 21. Kf1 Bd4 22.
R6xd4 cxd4 23. Nxd4 $14 Be8 24. Ke2 Rf8 25. Ke3 c5 26. Ndb5 Rxd1 27. Nxd1 Bf7
28. Ndc3 Kd7 29. f4 Be6 30. g3 h5 31. h4 Rd8 32. e5 Kc6 33. Nd6 (33. Ne4 Rd1
$132) 33... Rxd6 $1 34. exd6 Kxd6 35. Ne4+ Kd5 36. Nd2 Bf5 37. c4+ Kc6 38. Ne4
Be6 39. Nd2 Kd6 $10 40. Ne4+ Ke7 1/2-1/2

[Event "Groningen PCA"]
[Site "Groningen"]
[Date "1993.??.??"]
[Round "6"]
[White "Kaidanov, Gregory S"]
[Black "Sokolov, Ivan"]
[Result "1/2-1/2"]
[WhiteElo "2640"]
[BlackElo "2610"]
[Annotator "Ernst,T"]
[PlyCount "77"]
[EventDate "1993.12.??"]
[EventType "swiss"]
[EventRounds "11"]
[EventCountry "NED"]
[SourceTitle "CBM 039"]
[Source "ChessBase"]
[SourceDate "1994.04.01"]
[SourceVersion "1"]
[SourceVersionDate "1994.04.01"]
[SourceQuality "1"]

1. e4 {Wedberg} e5 2. Nf3 Nc6 3. Bb5 a6 4. Bxc6 dxc6 5. O-O f6 6. d4 Bg4 7.
dxe5 (7. c3 Bd6 $10) 7... Qxd1 8. Rxd1 fxe5 9. Rd3 (9. Nbd2 O-O-O 10. Re1 Bd6
11. h3 Bh5 12. g3 Nf6 13. Kg2 Rhf8 $10 {Blaha,V-Hala,B/TCH-chT/1993/}) (9. h3
Bxf3 10. gxf3 Nf6 11. f4 Bc5 12. Re1 exf4 13. Bxf4 O-O 14. Re2 Rae8 15. Nc3 Bd4
$10 {Poulton,J-Lodhi,M/London LB/1990/}) (9. b3 Ne7 (9... Bd6 $6 10. Nbd2 Nh6
11. h3 Bxf3 12. Nxf3 $14 {De la Villa Garcia-Fernandes,An/Andorra zt/1987/})
10. Bb2 Ng6 $10) (9. Nbd2 O-O-O 10. Re1 Bd6 11. h3 {Knoppert,E-Van der Sterren,
P/NLD-ch/1992/} Bxf3 $10) 9... Bd6 10. Nbd2 (10. Bg5 Nf6 11. Nbd2 O-O 12. Bxf6
gxf6 13. Nh4 Be6 $15 {Gdanski,J-Anand,V/Baguio WJ/1987/}) 10... Nf6 (10... b5
11. b3 (11. b4 Nf6 12. Bb2 Nd7 13. c4 $14 {Dvorietzky,M-Southam,T/Philadelphia
World op/1991/,Speckner,R-Tamm,U/Dortmunnd op-A/1993/}) 11... Ne7 12. Bb2 Ng6
$13 {Santana,O-Dake,A/New York op/1988/} 13. g3 O-O 14. Kg2 Rf7 (14... Rf6 15.
h3 Bd7 $10 {Seret,JL-Le Bideau,A/Torcy op/1991/}) 15. h3 Bd7 $10 {Pater,
E-Mihalincic,I/Szombathely EUJW-U16/1993/}) 11. b3 (11. Nc4 O-O 12. Ncxe5 (12.
Nfxe5 Be2 13. Rd2 (13. Re3 Bxc4 14. Nxc4 Bc5 15. Re1 Rae8 16. Be3 Bxe3 17. Rxe3
Rxe4 18. Rxe4 Nxe4 $10 {Dempster,D-Sogaard,O/CCYB4/1990/}) 13... Bxc4 14. Nxc4
Bc5 15. Re2 $14 {Anand-Thipsay/Coimbatore/1987/}) 12... Bh5 13. Be3 Rae8 14.
Nc4 Nxe4 $10 {Shur,M-Berzinsh,R/Naberznye Chelny/1993/}) 11... O-O-O (11... O-O
12. Bb2 Bxf3 13. Nxf3 Nxe4 14. Re3 Nf6 {Malisauskas,V-Beliavsky,A/Manila ol/
1992/} 15. Nxe5 $14) 12. Bb2 Rhe8 $1 (12... Bxf3 13. Nxf3 Nxe4 14. Nxe5 (14.
Re3 {Wedberg} Nf6 15. Nxe5 {+/= Ljubojevic-Tal/Montreal 1979}) 14... Rhf8 15.
f3 $14 {Dolmatov,S-Lautier,J/Marseille/1988/}) 13. Nc4 (13. Re1 b5 14. h3 (14.
g3 Bb4 15. Ree3 Bc5 $10 {Brunner,L-Schandorff,L/Manila ol/1992/}) 14... Bh5 15.
Nf1 Bb4 $15 {Brynell,S-Geller,E/Berlin/1991/}) (13. Kf1 $6 b5 14. Ne1 Bh5 15.
f3 Bf7 $15 {Vaatainen,T-Geller,E/Helsinki op/1992/}) 13... Nxe4 14. Nfxe5 Be6 (
14... Bf5 $6 15. Nf7 Rd7 16. Nfxd6+ Nxd6 17. Re3 $14 {Ott,F-Blauert,J/FRG-ch/
1989/}) 15. Rad1 (15. Re1 $5 {Wedberg}) 15... Bc5 16. Rxd8+ Rxd8 17. Rxd8+ Kxd8
18. Ne3 g6 $10 19. Nd1 a5 20. Kf1 Ke7 21. Ke2 a4 22. f3 Nf6 23. Nf2 axb3 24.
axb3 Bxf2 $1 25. Kxf2 Bf5 26. Nd3 Nd5 27. Ne1 h5 28. Ba3+ Kf7 29. c4 Nf4 30.
Ke3 Ne6 31. g3 c5 32. Bb2 Bb1 33. Nd3 Bc2 34. Nc1 Bb1 35. Nd3 Bc2 36. Nc1 Bb1
37. h4 g5 38. hxg5 Nxg5 39. Be5 (39. Be5 Ne6 $10) 1/2-1/2

[Event "London FIDE GP 1st"]
[Site "London"]
[Date "2012.09.29"]
[Round "8"]
[White "Nakamura, Hikaru"]
[Black "Ivanchuk, Vassily"]
[Result "0-1"]
[WhiteElo "2783"]
[BlackElo "2769"]
[Annotator "Ftacnik,L"]
[PlyCount "116"]
[EventDate "2012.09.21"]
[EventType "tourn"]
[EventRounds "11"]
[EventCountry "ENG"]
[EventCategory "20"]
[SourceTitle "CBM 151"]
[Source "ChessBase"]
[SourceDate "2012.11.13"]
[SourceVersion "1"]
[SourceVersionDate "2012.11.13"]
[SourceQuality "1"]

1. e4 e5 2. Nf3 Nc6 3. Bb5 a6 4. Bxc6 dxc6 5. O-O f6 6. d4 {It is difficult to
shake off the impression, that Nakamura came to the game without real
ambitions. Form played tricks on him in London, but here he choses a somewhat
controversial method for his moderate goals. The early exchange of the queens
robs him of the chance to use his gift for tactics. What is even worse the
position seriously resembles a pleasant form of the currently very resilient
Berlin Defence.} exd4 7. Qxd4 Qxd4 8. Nxd4 Bd7 9. Nc3 O-O-O 10. Be3 Bd6 11.
Rfd1 {White is able to gather his pieces in the centre, but that cannot really
harm his great opponent.} (11. Rad1 Ne7 12. Nb3 (12. Nde2 Ng6 13. f3 Rhe8 14.
Bf2 Nf4 15. Nxf4 Bxf4 16. Bg3 Be3+ 17. Bf2 Bf4 18. Bg3 {1/2-1/2 Ignatiev,F 
(2415)-Plachetka,J (2470)/Odessa 1976}) 12... Rhe8 13. Nc5 Ng6 14. Nxd7 Rxd7
15. f3 Red8 16. g3 Ne5 17. b3 g5 18. Kg2 h5 19. Ne2 g4 20. fxg4 Nxg4 21. Bc1
Re8 $11 {1/2-1/2 Abbasifar,H (2411)-Novikov,M (2505)/Kimovsk 2011 (37)}) 11...
Re8 12. Rd2 Ne7 13. Nb3 (13. Rad1 Ng6 14. f3 Ne5 $11) 13... Be6 14. Nc5 (14.
Bc5 Rd8 15. Rad1 Bxb3 16. Bxd6 Rxd6 17. axb3 Rhd8 $11) 14... Ng6 {The position
is easy for Ivanchuk as he does not have to cope with any serious threats and
can try to improve his position.} 15. f3 (15. Nxe6 Rxe6 16. Rad1 Ne5 $15) 15...
Bf7 16. Nd3 b6 17. Bf2 Rd8 18. Rad1 Rd7 19. b3 {The American star is
struggling in the position which does not suit his style. Just when Nakamura
has reached the coveted setup he falters and seems a bit lost. It was much
more sensible to exchange the dark-squared bishops with 19.Bg3! keeping equal
chances.} (19. Bg3 $1 Rhd8 20. Bxd6 Rxd6 21. Kf2 $11) 19... Rhd8 20. Nb1 (20.
Be3 Ne5 $15) (20. Bg3 $2 Bb4 $19) 20... Be6 {Ivanchuk was also somewhat out of
form in London, so the situation has found him slightly slow to get out of the
startiong blocks. At his full strength he would probably have guessed that the
radical advance on the queenside would promise the serious advantage of an
efficient bishop pair.} (20... c5 $1 21. c4 Ne5 22. Nxe5 Bxe5 $15) 21. c4 f5 (
21... Ne5 $1 22. Nxe5 Bxe5 $15) 22. c5 fxe4 23. cxd6 (23. fxe4 Be7 24. Nb4 Kb7
$17) 23... exd3 24. Rxd3 c5 25. dxc7 Kxc7 (25... Rxd3 26. cxd8=Q+ Rxd8 27.
Rxd8+ Kxd8 28. Bg3 Kd7 29. Nd2 Kc6 30. Kf2 b5 $15) 26. Rxd7+ Rxd7 27. Rxd7+
Kxd7 {The position features bishops of opposite colours, but that does a
slight initiative on the queenside.} 28. Bg3 $6 {It seems that Nakamura did
not appreciate the danger and his fiirst move is imprecise. He had more
chances for the successful elimination of the threats with 28.Nc3!?} (28. Nc3
$5 Kc6 29. Be3 a5 30. Kf2 b5 (30... Ne5 31. Ke2 b5 32. Ne4 c4 33. Bd4 Nf7 $11)
31. Ne4 c4 32. bxc4 Bxc4 33. a3 Ne5 34. Bd2 $11) 28... a5 29. Kf2 b5 30. Nd2 b4
31. Ke2 Kc6 32. Kd1 (32. Kd3 a4 $15) 32... a4 33. Kc2 (33. bxa4 Bxa2 34. Kc2 c4
35. h4 Ne7 36. Bf2 Nd5 37. Bd4 g6 $17) 33... a3 {Even an untrained eye would
be able to realise, that White will have to defend a very unpleasant position.}
34. Nf1 (34. Kd3 Bf5+ 35. Ne4 Kd5 36. h3 Ne7 37. Bf2 Nc6 $17) 34... c4 $1 35.
Ne3 (35. bxc4 $2 Bxc4 36. Nd2 Bxa2 37. Nb3 Ne7 $19) (35. Nd2 Bf5+ 36. Kc1 cxb3
37. Nxb3 Kd5 $17) 35... cxb3+ 36. axb3 Nf8 {IVanchuk needs to improve the
position of his pieces and his opponent will need to be very careful about any
unpleasant threat.} 37. Be5 g6 38. Bg7 (38. h4 Nd7 39. Bd4 Nc5 $19) 38... Nd7
39. Nf1 Nc5 40. Nd2 h5 41. Bf8 Kd5 42. h3 {Nakamura must have suffered from
the fact, that he can not afford to exchange Black's annoying knight.} (42.
Bxc5 Kxc5 43. Ne4+ Kd4 44. Nd2 Bf5+ $19) 42... Bf5+ 43. Kc1 Nd3+ 44. Kb1 Kd4 {
Black has achieved enormous progress and after the break in of his king the
defence will become untenable for White.} 45. g4 (45. Bg7+ Ke3 46. Nc4+ Kf4 47.
g4 Be6 $19) 45... Be6 46. Kc2 (46. Ka2 Bd5 47. gxh5 gxh5 48. Bg7+ Ke3 49. Bh6+
Ke2 50. Nc4 Be6 51. h4 Kxf3 $19) 46... Ne1+ 47. Kb1 (47. Kd1 Ng2 48. Kc2 Ne3+
49. Kb1 Nd5 50. Ne4 hxg4 51. hxg4 Bxg4 52. Bc5+ Ke5 53. Bd6+ Kf5 54. Nd2 Ke6
$17) 47... Nd3 48. Kc2 h4 $1 {At long last Ivanchuk has realised that White
will not be able to take the h4-pawn without grave consequences. After the
fall of the h3-pawn the fate of the game will be sealed.} 49. Bg7+ (49. Be7 a2
50. Bf6+ Ke3 51. Nc4+ (51. Nf1+ Ke2 52. Nd2 Bd5 $19) 51... Bxc4 52. bxc4 Nc5
53. Kb2 b3 54. Bxh4 Na4+ 55. Ka1 Kd2 56. Bf6 Kc2 57. h4 Nc3 58. Bxc3 Kxc3 59.
h5 Kc2 $19) 49... Ke3 50. Bh6+ Ke2 51. Kb1 (51. Bg7 Nf4 52. Bf6 a2 53. Nc4 g5
54. Kb2 Nxh3 55. Kxa2 Kxf3 $19) 51... Nf2 $1 {The Ukrainian chess genius is
handling the pieces in exemplary manner. The knight was assigned the task of
dealing with the h3-pawn.} 52. Nc4 Nxh3 53. Ne5 g5 54. Nc6 (54. Ka2 Nf2 55.
Bxg5 h3 56. Bf4 Nd3 $19) 54... Bd5 (54... Bxb3 55. Nd4+ Kf2 56. Nxb3 Kxf3 $19)
55. Nxb4 Bxb3 56. Nc6 Ke3 57. Ne5 Kf4 58. Ng6+ Kg3 $1 {Ivanchuk has created a
beautiful example of clever conversion of an endgame advantage. Remarkably
even the presence of opposite coloured bishops did not save the day.} (58...
Kxf3 59. Bxg5 Nxg5 60. Nxh4+ $19) (58... Kg3 59. Ka1 Nf4 $19) 0-1

[Event "St Stefan/Belgrade m"]
[Site "Belgrade"]
[Date "1992.??.??"]
[Round "27"]
[White "Fischer, Robert James"]
[Black "Spassky, Boris Vasilievich"]
[Result "1/2-1/2"]
[WhiteElo "2785"]
[BlackElo "2560"]
[Annotator "Ftacnik,L"]
[PlyCount "92"]
[EventDate "1992.09.??"]
[EventType "match"]
[EventRounds "30"]
[EventCountry "YUG"]
[SourceTitle "CBM 031"]
[Source "ChessBase"]
[SourceDate "1992.12.01"]
[SourceVersion "1"]
[SourceVersionDate "1992.12.01"]
[SourceQuality "1"]

1. e4 e5 2. Nf3 Nc6 3. Bb5 a6 4. Bxc6 dxc6 5. O-O f6 6. d4 exd4 7. Nxd4 c5 8.
Ne2 Qxd1 9. Rxd1 Bd7 10. Nbc3 Ne7 11. Bf4 O-O-O 12. Rd2 (12. Bg3 Nc6 13. Nd5
Ne5 14. b3 (14. f4 Nf7 15. a4 Bc6 16. Nec3 Nd6 17. f5 Nxe4 $1 18. Nxc7 Rxd1+
19. Rxd1 Nxc3 20. bxc3 Be7 $10 {Ljubojevic,L-Romanishin,O/Riga izt/1979/})
14... Bd6 15. f3 Be6 16. c4 $13 {Van der Wiel,J-Nikolic,Pr/Wijk aan Zee/1988/})
12... Ng6 (12... Bc6 13. Rxd8+ Kxd8 14. Rd1+ Kc8 15. Bg3 f5 $1 $132 {Buchanan,
W-Baker,Ch/Eastbourne ch-GB/1991/}) 13. Bg3 Ne5 (13... Re8 14. Rad1 Bc6 15. Nd5
Ne5 16. Bxe5 fxe5 17. Ng3 c4 18. Nf5 Rg8 19. Nfe3 b5 20. b3 $16 {Prie,E-Alzate,
D/Novi Sad ol/1990/}) 14. Bxe5 (14. Rad1 Nc4 $1) 14... fxe5 15. Rad1 (15. b3
Bd6 16. Rad1 Be6 {P c4}) 15... c4 $1 16. Kf1 (16. Ng3 Bb4) 16... Bc5 17. Ng1 (
17. Ng3 Bg4) 17... Bg4 18. Rxd8+ Rxd8 19. Rxd8+ Kxd8 20. Nce2 (20. f3 Be6 21.
Nce2 b5 $13) 20... Ke7 21. Ke1 b5 22. c3 Kf6 23. h3 Bh5 (23... Be6 24. Nf3) 24.
Ng3 Bf7 25. Nf3 g6 $10 26. Nf1 g5 $5 (26... Be6 27. N1h2 h5 28. h4) 27. Ke2 Bg6
28. N3d2 (28. Ng3 h5 $1) 28... h5 29. Ne3 c6 30. Kf3 Bf7 31. Ndf1 a5 32. Ke2
Be6 (32... b4 $2 33. Nd2 $16) 33. Ng3 Kg6 34. a3 Bf7 (34... b4 $2 35. axb4 axb4
36. Ngf1 $16) 35. Ngf5 Be6 36. Kf3 Bd7 37. Kg3 Be6 38. h4 Bd7 (38... g4 39. f3
gxf3 40. Kxf3 Bd7 41. g4 Bxe3 $140 42. gxh5+ $1 Kxh5 43. Kxe3 Kg4 44. Nd6 Kxh4
45. Nf7 $16) 39. hxg5 Kxg5 40. Nh4 Bg4 41. Nxg4 (41. Nhf5 Be2 $1) 41... hxg4
42. Nf5 a4 43. f3 (43. Ng7 Kf6 44. Ne8+ Kf7 45. Nc7 Bxa3 $3 46. bxa3 b4 $19 47.
cxb4 (47. Na6 b3 $1) 47... c3) 43... gxf3 44. Kxf3 Bf8 45. Ne3 Kh5 46. Nf5 Bc5
(46... Bc5 47. Ng7+ Kg6 48. Ne6 Bb6 49. Nf8+ Kf7 50. Nd7 Bc7 51. Nc5 Bd6)
1/2-1/2